Leader xxxxxxxxxx
001 __ PCLIS00006136
005 __ 20230321162149.0
010 0_ |a957-13-2198-2|b上冊 : 平裝|dNT$230
010 0_ |a957-13-2199-0|b下冊 : 平裝|dNT$230
010 0_ |a978-957-13-2199-8|b下冊 : 平裝|dNT$230
100 __ |a19870509d1996 m y0chiy09 e
101 1_ |achi|cjpn
102 __ |atw
105 __ |ay z 000ay
200 1_ |a舞.舞.舞|e|f村上春樹著|g賴明珠譯
205 __ |a初版
210 __ |a臺北市|c時報文化|d1996[民85]
215 0_ |a2冊(269, 266)面|c|d21公分
225 1_ |a藍小說|v910-911
225 2_ |a村上春樹作品集
300 __ |a本館最新館藏為2016年二十四刷
300 __ |a作者號由adm及t038取自出版社(2006666-2006667,2018686-2018687),由t561改回
410 _0 |12001 |a村上春樹作品集
454 _1 |12001 |aФ⑦З.Ф⑦З.Ф⑦З|zjpn
606 __ |2cst|a長篇小說
681 __ |a861.57|b8354
681 __ |a861.57|b8476 88 V.910 C2
681 __ |a861.57|b8476 88 V.910 C1
681 __ |a861.57|b8476 88 V.910
681 __ |a861.57|b8476 88 V.911
700 _1 |a村上|b春樹|f1949- |4著
702 _1 |a賴|b明珠|f1947- |4譯
801 _0 |atw|b內湖高中|c20010622
801 _0 |atw|b內湖高中|c20160421|gCCR
801 _2 |atw|b內湖高中|c20230321|gCCR
|